UM Logo

Laboratory manual in police photography/ (Record no. 16420)

MARC details
000 -LEADER
fixed length control field 00754nam a2200193 4500
008 - FIXED-LENGTH DATA ELEMENTS--GENERAL INFORMATION
fixed length control field 220211b ||||| |||| 00| 0 eng d
020 ## - INTERNATIONAL STANDARD BOOK NUMBER
International Standard Book Number 978-6-214-18018-9 (paperback)
082 ## - DEWEY DECIMAL CLASSIFICATION NUMBER
Edition number 2017
Classification number DFil 363.24
Item number N112
100 ## - MAIN ENTRY--PERSONAL NAME
Personal name Nabe, Nestor C., author
9 (RLIN) 43886
245 ## - TITLE STATEMENT
Title Laboratory manual in police photography/
Statement of responsibility, etc. Nestor C. Nabe, Andre A. Cardenas, Ivy Q. Malibiran.
260 ## - PUBLICATION, DISTRIBUTION, ETC. (IMPRINT)
Place of publication, distribution, etc. Quezon City :
Name of publisher, distributor, etc. Wiseman's Books Trading,
Date of publication, distribution, etc. [2017].
300 ## - PHYSICAL DESCRIPTION
Extent iv, 47 pages ;
Dimensions 28 cm.
500 ## - GENERAL NOTE
General note Includes bibliographical references.<br/>
650 ## - SUBJECT ADDED ENTRY--TOPICAL TERM
Topical term or geographic name as entry element Police photography.
9 (RLIN) 43887
650 ## - SUBJECT ADDED ENTRY--TOPICAL TERM
Topical term or geographic name as entry element Police photography -- Handbooks, manuals, etc.
9 (RLIN) 43888
700 ## - ADDED ENTRY--PERSONAL NAME
Personal name Cardenas, Andre A., author.
9 (RLIN) 43889
700 ## - ADDED ENTRY--PERSONAL NAME
Personal name Malibiran, Ivy Q., author.
9 (RLIN) 43890
942 ## - ADDED ENTRY ELEMENTS (KOHA)
Source of classification or shelving scheme Dewey Decimal Classification
Koha item type Filipiniana
Holdings
Withdrawn status Lost status Source of classification or shelving scheme Damaged status Not for loan Collection code Home library Current library Date acquired Source of acquisition Total Checkouts Full call number Barcode Date last seen Copy number Price effective from Koha item type
    Dewey Decimal Classification     Filipiniana UM Digos College - LIC UM Digos College - LIC 02/15/2021 Purchased   DFil 363.24 N112 2017 26041 05/15/2025 1 02/11/2022 Filipiniana